| 000 | 01221nam a2200229Ia 4500 | ||
|---|---|---|---|
| 999 |
_c37882 _d37882 |
||
| 001 | 3860 | ||
| 003 | GE_BSU | ||
| 005 | 20190813170459.0 | ||
| 008 | 181216s1983||||ge |||||||||||||| ||geo|| | ||
| 040 | _cGE_BSU | ||
| 041 | _ageo | ||
| 080 | _a1+572 ფ–56 | ||
| 245 |
_aფილოსოფიური ანთროპოლოგიის საკითხები : _bნაწ.Vll. სტატიების კრებული / _cრედ. დ. ქერქაძე; საქ. სსრ მეცნ. აკად., ფილოსოფიის ინ-ტი. |
||
| 264 |
_aთბ. : _bმეცნიერება, _c1983. |
||
| 300 |
_a94 გვ.; _b21 სმ. |
||
| 500 | _a ეძღვნება აკად. ანგია ბოჭორიშვილის ნათელ ხსოვნას. | ||
| 546 | _aრეზ. რუს. ენ.. | ||
| 653 | _aფილოსოფიური ანთროპოლოგიის საკითხები | ||
| 700 |
_aქერქაძე, დ. _eრედაქტორი _93560 |
||
| 710 |
_aსაქ. სსრ მეცნ. აკად., ფილოსოფიის ინ-ტი. _93557 |
||
| 942 |
_cBK _2udc |
||